| 000 | 01634nam a2200385 c 4500 | ||
|---|---|---|---|
| 003 | BLK | ||
| 005 | 20180420220222.0 | ||
| 008 | 180407b bul|||||r ||||||| ||bul|| | ||
| 010 | _aKNG00030911000 | ||
| 020 |
_a954-07-1007-3 _bиздат.: Унив. изд. Св. Климент Охридски |
||
| 040 | _aBLK | ||
| 041 |
_aBUL _cBUL |
||
| 080 |
_aДруги видове театри _b792.9 _x.032.12 _z792.9.032.12 |
||
| 080 |
_aТеатър. Сценично изкуство. Вж 725.82; 782; 82-2 _b792 _x.028 _z792.028 |
||
| 100 | 1 |
_aМотокийо Дзеами _eпърви автор _999349 |
|
| 700 | 1 |
_aЦигова, Бойка Елит _eпрев. от япон. _9269719 |
|
| 139 |
_aМотокийо Дзеами _bМ 93 |
||
| 245 | 1 | 0 |
_aФушикаден _bНапътствия за цветето в НО _cМотокийо Дзеами; прев. от япон. Бойка Елит Цигова. |
| 257 | _aJAP | ||
| 260 |
_аСофия _bУнив. изд. Св. Климент Охридски _c2000 |
||
| 300 |
_a160 с. _bс факс., ил. _c20 см |
||
| 380 | _a7 | ||
| 490 | 1 | _aИзтоковедски изследвания ORIENS | |
| 500 | _aОриг. загл. на старояп. ез. - Авт. не е отбелязан на кор. | ||
| 650 | 4 |
_aТеатър - Япония _9269720 |
|
| 650 | 4 |
_aАктьорско майсторство _9257274 |
|
| 653 | _aЯпония | ||
| 653 | _aтеатър | ||
| 653 | _aНО | ||
| 852 | _aЦб 203676 | ||
| 856 | 4 |
_qpdf _u |
|
| 856 | 4 |
_qpdf _u |
|
| 942 |
_cKNG _n0 |
||
| 944 |
_aCR _c15.01.2003 _kЦветанка_Енчева |
||
| 944 |
_aED _c21.07.2015 _kИрена_Линкова |
||
| 999 |
_c28317 _d28317 |
||